00257nam a22000857a 4500008004100000082002100041245007700062260002100139300001100160230623b xxu||||| |||| 00| 0 eng d a330.96bGOK 2003 aEconomic Recovery Strategy for Wealth and Employment Creationb2003-2007 aKenyabGOKc2003 aIV,40p